000 00842nam a2200217Ia 4500
001 17958
003 GE_BSU
008 181216s||||||||xx |||||||||||||| ||und||
020 _a9992803614
040 _cGE_BSU
080 _a371.51(073.3)
100 _aბედინაძე,ლია
245 _aყოფაქცევის კულტურა
245 _bდამხმარე სასწავლო მასალა ზოგადსაგანმანათლებლო სკოლის მოსწავლეთათვის
245 _cრედ.ო.ქურდაძე. მხატვ. რ. ლომთათიძე
260 _aთბილისი
260 _c2007
300 _a174გვ. ; 21სმ.
653 _aყოფაქცევის კულტურა
942 _cBK
999 _c51001
_d51001